000 00511nam a2200193Ia 4500
005 20250508163400.0
008 008 250505s9999 xx 000 0 eng d
037 _aTextual
040 _aFEDL
_beng
_cFEDL
041 _aeng
_2eng
084 _a370, GUP
_qFEDL
100 _aGupta Shanti S.
245 0 _aDraft plan of the Indian education
260 _aNew Delhi, India
_bManasayan
_c1980
300 _a92p.
650 _aEducation
942 _cTEXL
_h370, GUP
999 _c1382705
_d1382705